000
00264nam a2200097Ia 4500
005
20251222114343.0
008
251222s1900||||xx |||||||||||||| ||spa||
082
_a
DVD191.1/U61/2003/T.1
245
0
_a
Charla: manejo y desarrollo de empresas turĂsticas (I):
942
_c
DVD
999
_c
928
_d
928